Дело о поднесении высочайшим особам и лицам императорской фамилии дипломов на звание почетных членов Санкт-Петербургского универ...

Доступно только в Электронных читальных залах Найти на картеНа карте
RUSMARC
00003828nmc2a22002533x 450
00179aa4078-5916-4271-a675-38f6cac884e9
00520250621060233.0
100##$a20241205l18411841k l0rusy0189 ca
1010#$arus
$afre
102##$aRU
105##$ay###
1222#$ad
2001#$aДело о поднесении высочайшим особам и лицам императорской фамилии дипломов на звание почетных членов Санкт-Петербургского университета и об утверждении барона Гумбольта иностранным почетным членом
$j3 февраля - 5 июня 1841 г.
215##$a17 л.
$d36,5х26 см
251##$cДело
300##$aНа обложке указано: "№16"
300##$aНа русском и французском языках
371##$aДокумент не является опубликованным и широко распространяемым
461#0$10012b5b8419-5ce4-4d16-a7a3-85720a295f1f
$12001
$aКанцелярия министра народного просвещения
$1251
$cФонд
$1852
$j735
462#0$1001562cc287-b13c-4f02-8029-f81535ba1e2e
$12001
$aКанцелярия министра народного просвещения
$1251
$cОпись
$1852
$j2
801#0$aRU
$bРГИА
$c20241205
$gRCR
801#1$aRU
$bГлавНИВЦ
$c20241205
$2rusmarc
801#2$aRU
$bПБ им. Б.Н. Ельцина
$c20250621
$gRCR
$2rusmarc
850##$aРГИА
852##$aРГИА
$eФедеральное казенное учреждение "Российский государственный исторический архив" (РГИА)
$j225
937##$hРГИА
$d12420902
$aASBIBLIO_SCAN
035##$aRusGRCC00083010
856##$uhttp://readingroom.main.prlib.ru/item.aspx?id_node=n196831484&mode=full
Формат отображения